000 00646nam a22002177a 4500
003 UA-OsUOA
001 101659
007 ta
008 20130704b un ||||| |||| 00| 0 ukr d
100 _aБулдакова Е.В.
090 _a93
_bБ90
942 _cSA
040 _aUA-OsUOA
_brus
_cUA-OsUOA
_dUA-OsUOA
245 _aОт монастырской реформы до Вормского конкордата: из истории Клюнийского движеня
300 _aС.17-24
955 _a0
041 _arus
080 _a93
773 0 _w101658
650 7 _a9 Географія. Біографії. Історія
_2UDC
999 _c387872
_d387872